Dielectric behaviour of room temperature vulcanisable silicone rubber under dry and moist conditions (Record no. 57162)

MARC details
000 -LEADER
fixed length control field 00430nam a2200109Ia 4500
100 ## - MAIN ENTRY--AUTHOR NAME
Personal name Varughese K T
245 #0 - TITLE STATEMENT
Title Dielectric behaviour of room temperature vulcanisable silicone rubber under dry and moist conditions
260 ## - PUBLICATION, DISTRIBUTION, ETC. (IMPRINT)
Name of publisher Proceedings of the International Conference on Rubbers, Calcutta, December 12-14, 1997, Vol II, pp. 140-143
Year of publication 1997
700 ## - ADDED ENTRY--PERSONAL NAME
Personal name Sridhar S
942 ## - ADDED ENTRY ELEMENTS (KOHA)
Koha item type Journals
Holdings
Withdrawn status Lost status Damaged status Not for loan Home library Current library Shelving location Date acquired Koha item type
      Journals RRII Library RRII Library Rubber chemistry 01/01/2021 Journals